| 000 | 00650nam a2200193 a 4500 | ||
|---|---|---|---|
| 001 | 50175 | ||
| 005 | 20180714035139.0 | ||
| 008 | 140415s2003 cc 000 0 eng d | ||
| 020 | _a1840006838 | ||
| 041 | _aeng | ||
| 082 |
_a770 _bANG |
||
| 245 | 0 | 0 | _aADVANCED DIGITAL PHOTOGRAPHY |
| 250 | _a1a ed. | ||
| 260 |
_aCHINA : _bOCTOPUS PUBLISHING GROUP LTD., _c2003 |
||
| 300 |
_a189 _c23.6 x 1.7 x 28.7 |
||
| 520 | _aADVANCED DIGITAL PHOTOGRAPHY ES UNA GUIA AMIGABLEQUE VA A AYUDAR A CUALQUIER FOTOGRAFO DIGITAL AQUE OBTENGA CALIDAD Y RESULTADOS PROFESIONALES. | ||
| 650 | 1 | 4 | _aFOTOGRAFIA DIGITALIZADA |
| 700 | 1 |
_aANG, TOM _ecoaut. |
|
| 999 |
_c50175 _d50175 |
||